Sobre el método de Gramsci (de la historiografía a la ciencia política)

Bewaard in:
Bibliografische gegevens
Hoofdauteur: Pizzorno, Alessandro
Formaat: Texto
Gepubliceerd in: s.l.: s.e
Tags: Voeg label toe
Geen labels, Wees de eerste die dit record labelt!

MARC

LEADER 00000 a a2200000 04500
001 23255
003
040
090 |a 160300  
100 |a Pizzorno, Alessandro  
245 |a Sobre el método de Gramsci (de la historiografía a la ciencia política)  
260 |a s.l.:   |b s.e  
300 |a 41-63 p.  
999 |c 16283  |d 16283